000 00551nam a2200193Ia 4500
005 20260119143859.0
008 008 260114s9999 xx 000 0 eng d
020 _a9780128032022
037 _aEBOOK
040 _aCRL
_beng
_cCRL
041 _aeng
_2eng
084 _qCRL
100 _aPopek, E.
_9899021
245 0 _aSampling and Analysis of Environmental Chemical Pollutants
260 _aElsevier
_bElsevier
_c2018
856 _uhttps://www.sciencedirect.com/science/book/9780128032022
942 _cEBOOK
999 _c1491125
_d1491125